000 00765nam a2200289Ia 4500
005 20260324111641.0
008 008 260324s9999 xx 000 0 eng d
020 _a9781003626831
037 _aEBOOK
040 _aCRL
040 _beng
040 _cCRL
041 _2eng
041 _aeng
084 _qCRL
100 _aMehaad A. Tegally
_91139443
245 0 _aManaging Multi-Dimensional Complexities in Organizations
245 0 _bFrom Problem-Solving to System-Optimization with the Dimensions Surfacing Heuristics
260 _bTaylor and Francis
260 _c2025
365 _a
365 _b80.99
856 _uhttp://www.taylorfrancis.com/books/9781003626831
942 _cEBOOK
999 _c1728336
_d1728336